000 00575nam a2200229Ia 4500
003 OSt
005 20220928123943.0
006 a|||||r|||| 00| 0
007 ta
008 220927b |||||||| |||| 00| 0 eng d
024 _a45905
037 _cTextual
040 _aSDCL
_cSDCL
_beng
041 _2eng
_aeng
082 _aX653:6, N4
100 _aIsaac David
_9462555
245 0 _aProperty finance.
260 _aHampshire
_bMacmillan
_c1994
300 _axv,267p
_ccm.
942 _hX653:6, N4
_cTEXL
_2CC
999 _c775525
_d775525